00815nam a22001577a 4500008004100000040005500041080001100096245003100107260004300138500023300181650002100414700002900435942001200464999001700476952016400493230721b |||||||| |||| 00| 0 eng d aNational Science LibrarycNational Science Library a61(05) aAnnual review of medicine  aPalo Alto: bAnnual Review Inc, c1968 aVol. 23 (Annual review of medicine) ix, 515p. Vol. 17 (Annual review of medicine) , 563p. Vol. 21 (Annual review of medicine), 499p. Vol. 22 (Annual review of medicine) ix, 447p. Vol. 19 (Annual review of medicine) vii, 540p.  aMedical sciences aDegraff, Arthur C (Ed.)  cBK2udc c55411d55411 00102udc4070997552aNSLbNSLcFF/Rk-47/C-1/R-2d1969-10-09h Vol. 19 (Annual review of medicine) vii, 540p. l0p29826r2023-07-26 00:00:00w1969-10-09yBK